Logo BPK

Biblioteka

Politechniki Koszalińskiej

Kapitalizm, socjalizm, demokracja / (Rekord nr 30952)

Szczegóły MARC
000 -ETYKIETA REKORDU
podpole kontrolne o stałej długości 01033nam a2200289 i 4500
001 - NUMER KONTROLNY REKORDU
pole kontrolne bg
020 ## - MIĘDZYNARODOWY ZNORMALIZOWANY NUMER KSIĄŻKI - ISBN
ISBN 8301117869
040 ## - ŹRÓDŁO KATALOGOWANIA
Instytucja, która utworzyła rekord BPK
041 1# - KOD JĘZYKA
Kod języka tekstu pol
Kod języka oryginału eng
080 ## - UNIWERSALNA KLASYFIKACJA DZIESIĘTNA - UKD
UKD 330.342.14/.15:330.85:321.7
920 ## - Międzynarodowy znormalizowany numer książki – ISBN
ISBN 83-01-11786-9
008 - POLE O STAŁEJ DŁUGOŚCI - DANE KONTROLNE
podpole kontrolne o stałej długości s pl f |000 0 pol
100 1# - NAZWA OSOBOWA
Nazwa osobowa SCHUMPETER, Joseph Alois
Daty związane z nazwą (1883-1950)
245 10 - TYTUŁ/ODPOWIEDZIALNOŚĆ
Tytuł Kapitalizm, socjalizm, demokracja /
Pozostałe elementy strefy tytułu i oznaczenia odpowiedzialności Joseph A. Schumpeter ; przekł. [z ang.] Michał Rusiński ; wstęp Stanisław Mikosik ; wprowadzenie Tom Bottomore.
246 ## - WARIANT TYTUŁU
Treść wyrażenia wprowadzającego Tyt. oryg.:
Tytuł Capitalism, socialism and democracy
260 ## - STREFA ADRESU WYDAWNICZEGO
Miejsce wydania Warszawa :
Nazwa wydawcy/dystrybutora Wydaw. Naukowe PWN,
Data publikacji, dystrybucji/powstania dokumentu 1995.
300 ## - STREFA OPISU FIZYCZNEGO
Objętość 392, [2] s. ;
Rozmiary 21 cm.
500 ## - UWAGI OGÓLNE
Tekst uwagi Oryg. : "Capitalism, socialism and democracy" 1976.
650 #9 - HASŁO PRZEDMIOTOWE W FORMIE NAZWY OGÓLNEJ LUB JEDNOSTKOWEJ
Nazwa ogólna lub geograficzna Demokracja
650 #9 - HASŁO PRZEDMIOTOWE W FORMIE NAZWY OGÓLNEJ LUB JEDNOSTKOWEJ
Nazwa ogólna lub geograficzna Ekonomia polityczna
Określnik ogólny marksizm
650 #9 - HASŁO PRZEDMIOTOWE W FORMIE NAZWY OGÓLNEJ LUB JEDNOSTKOWEJ
Nazwa ogólna lub geograficzna Ekonomia polityczna kapitalizmu
650 #9 - HASŁO PRZEDMIOTOWE W FORMIE NAZWY OGÓLNEJ LUB JEDNOSTKOWEJ
Nazwa ogólna lub geograficzna Socjalizm (ustrój)
700 1# - HASŁO DODATKOWE - NAZWA OSOBOWA
Nazwa osobowa RUSIŃSKI, Michał.
Określenie związku między hasłem a opisywanym materiałem Tł.
700 1# - HASŁO DODATKOWE - NAZWA OSOBOWA
Nazwa osobowa MIKOSIK, Stanisław.
Określenie związku między hasłem a opisywanym materiałem aut. wstępu
700 1# - HASŁO DODATKOWE - NAZWA OSOBOWA
Nazwa osobowa BOTTOMORE, Tom.
Określenie związku między hasłem a opisywanym materiałem aut. wprow.
856 ## - LOKALIZACJA I DOSTĘP DO ELEKTRONICZNYCH DOKUMENTÓW ZDALNYCH
Link (URL) http://koha.tu.koszalin.pl/cgi-bin/koha/opac-detail.pl?biblionumber=30952
Tekst linku Katalog online BPK
942 ## - DODATKOWE ELEMENTY (KOHA)
Typ dokumentu Książka
Egzemplarze
Wycofany Status egzemplarza Uszkodzony Dostępność Lokalizacja stała Lokalizacja bieżąca Miejsce przechowywania Sygnatura Kod kreskowy Typ dokumentu
      Tylko na miejscu Biblioteka Politechniki Koszalińskiej Biblioteka Politechniki Koszalińskiej Czytelnia Wydziałowa ul. Kwiatkowskiego 6e 37939 01880045 Książka
© 2023 Biblioteka Politechniki Koszalińskiej :: KOHA